[Event "September"]
[Site "SchemingMind.com"]
[Date "2011.10.01"]
[Round "-"]
[White "dvaldez"]
[Black "emvarela"]
[Result "1/2-1/2"]
[WhiteCountry "CAN"]
[BlackCountry "ARG"]
[WhiteElo "1933"]
[WhiteRD "86"]
[BlackElo "1819"]
[BlackRD "48"]
[GameID "294167"]

1. e4 e5 2. Nf3 Nc6 3. Bb5 a6 4. Ba4 Nf6 5. O-O Be7 6. Re1 b5 7. Bb3 O-O 8. c3 d5 9. exd5 Nxd5 10. Nxe5 Nxe5
11. Rxe5 c6 12. d4 Bd6 13. Re1 Qh4 14. g3 Qh3 15. Be3 Bg4 16. Qd3 f5 17. f4 Bf3 18. Qf1 Qh5 19. Nd2 Bg4 20. Bd1 Bxd1
21. Raxd1 g5 22. Qf3 g4 23. Qg2 Rae8 24. Bf2 Rf6 25. Rxe8+ Qxe8 26. Re1 Qf7 27. c4 Nb4 28. cxb5 cxb5 29. a3 Nd3 30. Re2 Nxb2
31. Qa8+ Bf8 32. d5 Nd3 33. Bd4 Rd6 34. Re8 Rd7 35. Nb3 Re7 36. Rc8 Re1+ 37. Kg2 Re2+ 38. Kg1 Re1+ 39. Kg2 Re2+ 40. Kg1 Re1+
1/2-1/2

[Event "September"]
[Site "SchemingMind.com"]
[Date "2011.10.04"]
[Round "-"]
[White "dvaldez"]
[Black "Yellow"]
[Result "0-1"]
[WhiteCountry "CAN"]
[BlackCountry "INT"]
[WhiteElo "1976"]
[WhiteRD "85"]
[BlackElo "2351"]
[BlackRD "62"]
[GameID "294168"]

1. e4 e5 2. Nf3 Nc6 3. Bb5 a6 4. Ba4 Nf6 5. O-O Nxe4 6. d4 b5 7. Bb3 d5 8. dxe5 Be6 9. Nbd2 Nc5 10. c3 Bg4
11. Bc2 Be7 12. Re1 O-O 13. Nb3 Ne6 14. Qd3 g6 15. Nfd4 Ncxd4 16. Nxd4 Nxd4 17. cxd4 c5 18. dxc5 Bxc5
0-1

[Event "September"]
[Site "SchemingMind.com"]
[Date "2011.09.29"]
[Round "-"]
[White "dvaldez"]
[Black "hdj42"]
[Result "1-0"]
[WhiteCountry "CAN"]
[BlackCountry "ENG"]
[WhiteElo "1976"]
[WhiteRD "85"]
[BlackElo "1842"]
[BlackRD "109"]
[GameID "294170"]

1. e4 e6 2. d4 d5 3. Nd2 c5 4. exd5 exd5 5. Ngf3 Nc6 6. Bb5 Bd7 7. O-O Nf6 8. Re1+ Ne7 9. Bxd7+ Nxd7 10. c3 Qb6
11. dxc5 Nxc5 12. Nd4 Qf6 13. b4 Nd7 14. N2f3 g6 15. Bg5 Qb6 16. Qe2 f6 17. Bh6 Qd8 18. Ne6
1-0

[Event "September"]
[Site "SchemingMind.com"]
[Date "2011.10.01"]
[Round "-"]
[White "e_castle3"]
[Black "dvaldez"]
[Result "0-1"]
[WhiteCountry "PHI"]
[BlackCountry "CAN"]
[WhiteElo "1850"]
[WhiteRD "56"]
[BlackElo "1979"]
[BlackRD "96"]
[GameID "294171"]

1. f4 d5 2. Nf3 Nf6 3. e3 c5 4. Be2 g6 5. O-O Bg7 6. c3 O-O 7. d4 Nc6 8. Ne5 Ne4 9. Nd2 cxd4 10. cxd4 Bf5
11. Nxe4 Bxe4 12. a3 f6 13. Nd3 e5 14. Nc5 Qe7 15. b4 exd4 16. exd4 f5 17. Re1 Bxd4+ 18. Kh1 Bxa1
0-1

[Event "September"]
[Site "SchemingMind.com"]
[Date "2011.09.29"]
[Round "-"]
[White "GBEDARD"]
[Black "dvaldez"]
[Result "1-0"]
[WhiteCountry "USA"]
[BlackCountry "CAN"]
[WhiteElo "2334"]
[WhiteRD "85"]
[BlackElo "1975"]
[BlackRD "89"]
[GameID "294172"]

1. e4 c5 2. Nf3 Nc6 3. d4 cxd4 4. Nxd4 Nf6 5. Nc3 e5 6. Ndb5 d6 7. Bg5 a6 8. Na3 b5 9. Nd5 Be7 10. Bxf6 Bxf6
11. c3 O-O 12. Nc2 Bg5 13. a4 bxa4 14. Rxa4 a5 15. Bc4 Rb8 16. Ra2 Kh8 17. Nce3 Bxe3 18. Nxe3 Ne7 19. Qd3 f5 20. O-O fxe4
21. Qxe4 Bb7 22. Qc2 Qc7 23. Rfa1 d5 24. Bd3 e4 25. Be2 Rbc8 26. Qd2 Ra8 27. h3 Bc6 28. b3 Qf4 29. Bd1 Qc7 30. Qd4 Bb7
31. Bg4 Rf6 32. b4 Rfa6 33. Be2 Rc6 34. Rxa5 Rxa5 35. bxa5 Rxc3 36. a6 Ba8 37. f3 h6 38. h4 Kh7 39. fxe4 dxe4 40. h5 Rc1+
41. Rxc1
1-0

[Event "September"]
[Site "SchemingMind.com"]
[Date "2011.10.01"]
[Round "-"]
[White "emvarela"]
[Black "dvaldez"]
[Result "1/2-1/2"]
[WhiteCountry "ARG"]
[BlackCountry "CAN"]
[WhiteElo "1819"]
[WhiteRD "48"]
[BlackElo "1933"]
[BlackRD "86"]
[GameID "294173"]

1. e4 c5 2. Nf3 Nc6 3. d4 cxd4 4. c3 dxc3 5. Bc4 e5 6. Nxc3 Bb4 7. O-O Nf6 8. Nd5 O-O 9. Nxb4 Nxb4 10. Nxe5 Nxe4
11. Qb3 d5 12. Qxb4 dxc4 13. Qxc4 Bf5 14. Be3 Qd6 15. f4 Rac8 16. Qb3 b6 17. Rad1 Qc7 18. g4 Nc5 19. Qc3 Be4 20. Bxc5 Qxc5+
21. Qxc5 Rxc5 22. Nd7 Rc2 23. Rf2 Rfc8 24. Rdd2 Rxd2 25. Rxd2 f6 26. g5 Kf7 27. gxf6 gxf6 28. Kf2 Rc2 29. Rxc2 Bxc2 30. Ke3 Ba4
31. Nb8 Bb5 32. b3 Ke6 33. a4 Bf1 34. Nc6 a6 35. Nd4+ Kd5 36. h4 Bh3 37. Nf3 a5 38. Nd2 Bf5 39. Nf3 Bc2 40. Nd2=
1/2-1/2

[Event "September"]
[Site "SchemingMind.com"]
[Date "2011.10.04"]
[Round "-"]
[White "Yellow"]
[Black "dvaldez"]
[Result "1-0"]
[WhiteCountry "INT"]
[BlackCountry "CAN"]
[WhiteElo "2351"]
[WhiteRD "62"]
[BlackElo "1976"]
[BlackRD "85"]
[GameID "294174"]

1. Nf3 Nf6 2. d4 g6 3. c4 d5 4. Nc3 Bg7 5. Qb3 dxc4 6. Qxc4 O-O 7. e4 Na6 8. Bg5 h6 9. Bh4 c5 10. O-O-O cxd4
11. e5 Ng4 12. Rxd4 Qc7 13. Rxg4 Bxg4 14. Qxg4 Bxe5 15. Nxe5 Qxe5 16. Bc4 Kg7 17. Bg3 Qc5 18. Re1
1-0

[Event "September"]
[Site "SchemingMind.com"]
[Date "2011.09.29"]
[Round "-"]
[White "hdj42"]
[Black "dvaldez"]
[Result "1/2-1/2"]
[WhiteCountry "ENG"]
[BlackCountry "CAN"]
[WhiteElo "1906"]
[WhiteRD "96"]
[BlackElo "1918"]
[BlackRD "88"]
[GameID "294176"]

1. d4 Nf6 2. c4 c5 3. d5 e6 4. Nc3 exd5 5. cxd5 d6 6. e4 g6 7. Nf3 Bg7 8. Be2 O-O 9. Bg5 h6 10. Be3 Re8
11. Qc2 a6 12. O-O b5 13. Bd3 b4 14. Ne2 Bg4 15. Qd2 Kh7 16. Ng3 Nbd7 17. h3 Bxf3 18. gxf3 Ne5 19. Be2 Ned7 20. Bf4 Qe7
21. Rae1 Ne5 22. Bxe5 Qxe5 23. f4 Nxe4 24. Nxe4 Qxe4 25. Bb5 Qxe1 26. Rxe1 Rxe1+ 27. Qxe1 axb5 28. Qe7 Ra6 29. Qxf7 Rxa2 30. f5 gxf5
31. Qxf5+ Kh8 32. b3 Rb2 33. Qd3 Bd4 34. Qxb5 Rxf2 35. Kh1 Be5 36. Qe8+ Kh7 37. Qe7+ Kh8 38. Qe8+=
1/2-1/2

[Event "September"]
[Site "SchemingMind.com"]
[Date "2011.09.29"]
[Round "-"]
[White "kenneth m day"]
[Black "dvaldez"]
[Result "1-0"]
[WhiteCountry "USA"]
[BlackCountry "CAN"]
[WhiteElo "1898"]
[WhiteRD "56"]
[BlackElo "1976"]
[BlackRD "85"]
[GameID "294179"]

1. e4 c5 2. Nf3 Nc6 3. d3 d6 4. Nc3 Nf6 5. g3 g6 6. Bg2 Bg7 7. O-O O-O 8. Re1 Bg4 9. h3 Bxf3 10. Bxf3 Nd4
11. Bg2 Qd7 12. f4 e5 13. fxe5 dxe5 14. Rf1 b5 15. Bg5 Nh5 16. Kh2 h6 17. Be3 Rad8 18. Nd5 Ne6 19. Qd2 g5 20. Bf3 Nf6
21. Nxf6+ Bxf6 22. Bg4 Kg7 23. Bxc5
1-0

[Event "September"]
[Site "SchemingMind.com"]
[Date "2011.09.30"]
[Round "-"]
[White "kenneth m day"]
[Black "e_castle3"]
[Result "1-0"]
[WhiteCountry "USA"]
[BlackCountry "PHI"]
[WhiteElo "1938"]
[WhiteRD "56"]
[BlackElo "1877"]
[BlackRD "52"]
[GameID "294180"]

1. e4 e5 2. Nf3 Nc6 3. c3 Nf6 4. d4 d6 5. h3 Be7 6. Be3 Nxe4 7. d5 Nb8 8. Qa4+ Nd7 9. Qxe4 O-O 10. Bc4 h6
11. Nbd2 Nf6 12. Qc2 a6 13. g4 b5 14. Bb3 a5 15. a3 Bb7 16. Qd3 Ba6 17. O-O-O Qd7 18. Ne4 Rfd8 19. g5 hxg5 20. Bxg5 c5
21. dxc6 Qc7 22. Nxf6+
1-0

[Event "September"]
[Site "SchemingMind.com"]
[Date "2011.09.29"]
[Round "-"]
[White "kenneth m day"]
[Black "GBEDARD"]
[Result "0-1"]
[WhiteCountry "USA"]
[BlackCountry "USA"]
[WhiteElo "1897"]
[WhiteRD "56"]
[BlackElo "2318"]
[BlackRD "82"]
[GameID "294181"]

1. e4 d6 2. Nf3 Nf6 3. d3 c5 4. g3 g6 5. Bg2 Bg7 6. O-O O-O 7. Re1 Nc6 8. c3 e5 9. Bg5 h6 10. Bd2 d5
11. exd5 Nxd5 12. Na3 Bg4 13. h3 Bf5 14. Qc2 Nb6 15. Bf1 c4 16. Qc1 cxd3 17. Bxh6 Re8 18. Bxg7 Kxg7 19. Qd2 e4 20. Ng5 f6
21. g4 fxg5 22. gxf5 gxf5 23. f3 Ne5 24. Bg2 Nbc4 25. Nxc4 Nxc4 26. Qf2 e3 27. Qf1 Nd2
0-1

[Event "September"]
[Site "SchemingMind.com"]
[Date "2011.10.01"]
[Round "-"]
[White "kenneth m day"]
[Black "emvarela"]
[Result "1-0"]
[WhiteCountry "USA"]
[BlackCountry "ARG"]
[WhiteElo "1897"]
[WhiteRD "56"]
[BlackElo "1774"]
[BlackRD "47"]
[GameID "294182"]

1. e4 e5 2. Nf3 Nc6 3. c3 Nf6 4. d4 Nxe4 5. d5 Nb8 6. Nxe5 Qe7 7. Qd4 Nd6 8. Kd1 Nf5 9. Qf4 d6 10. Bb5+ c6
11. dxc6
1-0

[Event "September"]
[Site "SchemingMind.com"]
[Date "2011.10.04"]
[Round "-"]
[White "kenneth m day"]
[Black "Yellow"]
[Result "0-1"]
[WhiteCountry "USA"]
[BlackCountry "INT"]
[WhiteElo "1898"]
[WhiteRD "56"]
[BlackElo "2351"]
[BlackRD "62"]
[GameID "294183"]

1. e4 e5 2. Nf3 Nc6 3. c3 d5 4. Qa4 Bd7 5. exd5 Nd4 6. Qd1 Nxf3+ 7. Qxf3 Nf6 8. Bc4 e4 9. Qe2 Qe7 10. O-O O-O-O
11. b4 Bf5 12. Na3 Nxd5 13. Nb5 c6 14. Nd4 Bg6 15. a4 Qd7 16. b5 c5 17. Nb3 Nf4 18. Qe3 Bd6 19. Ba3 Nxg2 20. Kxg2 Qg4+
21. Kh1 Qh4 22. f4 exf3 23. Qf2 Qxc4 24. Nxc5 Rhe8 25. Rae1 Qg4 26. Bb4 Re2 27. Rxe2 fxe2 28. Re1 b6 29. Qxe2 Qh4 30. d3 Bh5
0-1

[Event "September"]
[Site "SchemingMind.com"]
[Date "2011.10.01"]
[Round "-"]
[White "kenneth m day"]
[Black "otsenrechess"]
[Result "1-0"]
[WhiteCountry "USA"]
[BlackCountry "HUN"]
[WhiteElo "1897"]
[WhiteRD "56"]
[BlackElo "2147"]
[BlackRD "45"]
[GameID "294184"]

1. e4 e5 2. Nf3 Nc6 3. c3 d5 4. Qa4 f6 5. Bb5 Ne7 6. exd5 Qxd5 7. O-O Bd7 8. d4 exd4 9. Nxd4 Nxd4 10. Bxd7+ Qxd7
11. Qxd7+ Kxd7 12. cxd4 Nf5 13. d5 Re8 14. Nc3
1-0

[Event "September"]
[Site "SchemingMind.com"]
[Date "2011.09.29"]
[Round "-"]
[White "kenneth m day"]
[Black "hdj42"]
[Result "1-0"]
[WhiteCountry "USA"]
[BlackCountry "ENG"]
[WhiteElo "1866"]
[WhiteRD "52"]
[BlackElo "1906"]
[BlackRD "96"]
[GameID "294185"]

1. e4 e6 2. d3 d5 3. Nd2 Nf6 4. Ngf3 c5 5. g3 Nc6 6. Bg2 Be7 7. O-O O-O 8. e5 Ng4 9. Re1 Bd7 10. h3 Nh6
11. Nf1 Nf5 12. Ne3 Nxe3 13. Bxe3 Qc7 14. Bf4 Rac8 15. c3 h6 16. Qd2 Qd8 17. g4 g5 18. Be3 Qc7 19. d4 cxd4 20. cxd4 Bb4
21. Qd3 Bxe1 22. Rxe1 Nb4 23. Qb3 Qa5 24. Bd2 Qxa2 25. Qxb4 Rc4 26. Qa3 Qxa3 27. bxa3 Rfc8 28. Bf1 Ra4 29. Bb4 a5 30. Bc5 Rb8
31. Rb1 b5 32. Bd3 b4 33. axb4 axb4 34. Rb3 Kg7 35. Ne1 Ra1 36. Kf1 Bb5 37. Bxb5 Rxb5 38. Bxb4 Rb8 39. Ra3 Rxa3 40. Bxa3 Rb3
41. Bc1 Rxh3 42. Be3 Rh4 43. f3 Rh1+ 44. Bg1 h5 45. Kg2 Rxg1+ 46. Kxg1 h4 47. Kh2 Kg6 48. Kh3 f6 49. exf6 Kxf6 50. Nd3 Kg6
51. f4 Kf6 52. Ne5 gxf4 53. Kxh4 Kg7 54. g5 Kg8 55. Kg4 Kg7 56. Kxf4 Kf8 57. Ke3 Kg7 58. Kd3 Kf8 59. Kc3
1-0

[Event "September"]
[Site "SchemingMind.com"]
[Date "2011.09.29"]
[Round "-"]
[White "dvaldez"]
[Black "kenneth m day"]
[Result "0-1"]
[WhiteCountry "CAN"]
[BlackCountry "USA"]
[WhiteElo "1918"]
[WhiteRD "88"]
[BlackElo "1866"]
[BlackRD "52"]
[GameID "294186"]

1. e4 e6 2. d4 d5 3. Nd2 Nf6 4. e5 Nfd7 5. Bd3 c5 6. c3 Nc6 7. Ne2 Be7 8. O-O O-O 9. Nf3 a6 10. a4 f6
11. exf6 Nxf6 12. Bg5 cxd4 13. cxd4 Bd7 14. Rc1 Rc8 15. Re1 Nb4 16. Bb1 Nc6 17. Nf4 Ne4 18. Bxe7 Qxe7 19. Bxe4 dxe4 20. Rxe4 Qd6
21. Qd2 Ne7 22. Rce1 Rf6 23. Ne5 Bxa4 24. Ng4 Rc2 25. Nxf6+ gxf6 26. Rxe6 Rxd2 27. Rxd6 Nf5 28. Rd8+ Kf7 29. d5 Bb5 30. Ne6 Bc4
31. h3 Rxb2 32. Nf4 Rd2 33. Rd7+ Kf8
0-1

[Event "September"]
[Site "SchemingMind.com"]
[Date "2011.09.30"]
[Round "-"]
[White "e_castle3"]
[Black "kenneth m day"]
[Result "1-0"]
[WhiteCountry "PHI"]
[BlackCountry "USA"]
[WhiteElo "1877"]
[WhiteRD "52"]
[BlackElo "1938"]
[BlackRD "56"]
[GameID "294187"]

1. Nf3 d5 2. d4 Nf6 3. c4 e6 4. e3 c5 5. cxd5 exd5 6. dxc5 Bxc5 7. Bb5+ Bd7 8. Bxd7+ Nbxd7 9. O-O O-O 10. b3 Re8
11. Bb2 Qc7 12. Nc3 Qc6 13. Rc1 Qe6 14. Nb5 Rac8 15. Nbd4 Qe4 16. Qe2 Bd6 17. Nb5 Bb8 18. Nc3 Qg4 19. Qb5 Nb6 20. Ne2 Qe6
21. h3 a6 22. Qd3 h6 23. Qd4 Ne4 24. Qxg7#
1-0

[Event "September"]
[Site "SchemingMind.com"]
[Date "2011.09.29"]
[Round "-"]
[White "GBEDARD"]
[Black "kenneth m day"]
[Result "1-0"]
[WhiteCountry "USA"]
[BlackCountry "USA"]
[WhiteElo "2329"]
[WhiteRD "80"]
[BlackElo "1898"]
[BlackRD "56"]
[GameID "294188"]

1. e4 e6 2. d4 d5 3. Nc3 Nf6 4. Bg5 Be7 5. e5 Nfd7 6. Bxe7 Qxe7 7. f4 a6 8. Nf3 c5 9. Qd2 Nc6 10. dxc5 Qxc5
11. Bd3 b5 12. a3 Bb7 13. b4 Qb6 14. Qf2 Qxf2+ 15. Kxf2 O-O 16. Rhb1 Rfc8 17. Ne2 Nb6 18. g4 Nc4 19. a4 Na7 20. Ned4 h6
21. axb5 Nxb5 22. Nxb5 axb5 23. Nd4 Ba6 24. Ra2 Rcb8 25. Rba1 Bb7 26. Rxa8 Bxa8 27. Nxb5 Bc6 28. Nd4 Bd7 29. Bxc4 dxc4 30. Ra7 Be8
31. c3 g6 32. Rc7 Ra8 33. b5 Rb8 34. Rxc4 Bxb5 35. Rb4
1-0

[Event "September"]
[Site "SchemingMind.com"]
[Date "2011.10.02"]
[Round "-"]
[White "emvarela"]
[Black "kenneth m day"]
[Result "1-0"]
[WhiteCountry "ARG"]
[BlackCountry "USA"]
[WhiteElo "1815"]
[WhiteRD "51"]
[BlackElo "1866"]
[BlackRD "52"]
[GameID "294189"]

1. d4 d5 2. c4 c6 3. Nf3 Nf6 4. Nc3 dxc4 5. a4 Bf5 6. e3 e6 7. Bxc4 Bb4 8. O-O O-O 9. Bd3 Bg4 10. Qb3 a5
11. Ne5 Qc7 12. Nxg4 Nxg4 13. g3 Nd7 14. f3 Ngf6 15. Bd2 Nd5 16. Nxd5 exd5 17. Bxb4 axb4 18. Qxb4 Rfe8 19. e4 dxe4 20. fxe4 Nf6
21. e5 Nd5 22. Qd2 Re6 23. Rf3 Rf8 24. Raf1 Qb6 25. Bc4 Rg6 26. Bxd5 cxd5 27. b4 Rg4 28. Rf4 Rg6 29. b5 Re6 30. Qc3 g6
31. Rf6 Qa7 32. Rxe6 fxe6 33. Rxf8+ Kxf8 34. Qc5+ Qxc5 35. dxc5 Ke8 36. Kf2 Kd7 37. a5 Kc7 38. Ke3 h6 39. Kd4 Kd7 40. h3 Kc7
41. h4 Kb8 42. g4 Kc7 43. g5 hxg5 44. hxg5 Kb8 45. c6 bxc6 46. bxc6 Kc7 47. Kc5 d4 48. Kxd4 Kxc6 49. a6 Kb6 50. a7 Kxa7
51. Kc5 Kb7 52. Kd6 Kc8 53. Kxe6 Kd8 54. Kf6
1-0

[Event "September"]
[Site "SchemingMind.com"]
[Date "2011.10.04"]
[Round "-"]
[White "Yellow"]
[Black "kenneth m day"]
[Result "1-0"]
[WhiteCountry "INT"]
[BlackCountry "USA"]
[WhiteElo "2351"]
[WhiteRD "62"]
[BlackElo "1898"]
[BlackRD "56"]
[GameID "294190"]

1. Nf3 d5 2. d4 Nf6 3. c4 c6 4. cxd5 cxd5 5. Nc3 Nc6 6. Bf4 Nh5 7. Bg5 h6 8. Bd2 e6 9. e3 Nf6 10. Bd3 a6
11. Ne5 Bd6 12. f4 O-O 13. O-O Ne7 14. Be1 Nf5 15. Qf3 b5 16. Bxf5 exf5 17. Bh4 Bb7 18. Bxf6 Qxf6 19. Nd7 Qe7 20. Nxf8 Rxf8
21. Rac1 Qe6 22. Nd1 Re8 23. Nf2 Qxe3 24. Qxe3 Rxe3 25. Rfe1 Bxf4 26. Rxe3 Bxe3 27. Rc7 Bxd4 28. Rxb7 Bxb2 29. a4 d4 30. axb5
1-0

[Event "September"]
[Site "SchemingMind.com"]
[Date "2011.10.02"]
[Round "-"]
[White "otsenrechess"]
[Black "kenneth m day"]
[Result "0-1"]
[WhiteCountry "HUN"]
[BlackCountry "USA"]
[WhiteElo "2147"]
[WhiteRD "45"]
[BlackElo "1897"]
[BlackRD "56"]
[GameID "294191"]

1. Nf3 d5 2. d4 Nf6 3. c4 c6 4. Nc3 dxc4 5. a4 Bf5 6. Ne5 e6 7. f3 h6 8. e4 Bh7 9. Be2 Bd6 10. Nxc4 Bb4
11. O-O O-O 12. Qb3 a5 13. Be3 Qc7 14. g3 Nbd7 15. Bf4 Qc8 16. Na2 Be7 17. Nd6 Bxd6
0-1

[Event "September"]
[Site "SchemingMind.com"]
[Date "2011.09.29"]
[Round "-"]
[White "hdj42"]
[Black "kenneth m day"]
[Result "1-0"]
[WhiteCountry "ENG"]
[BlackCountry "USA"]
[WhiteElo "1888"]
[WhiteRD "103"]
[BlackElo "1872"]
[BlackRD "55"]
[GameID "294192"]

1. d4 c6 2. e4 d5 3. Nc3 dxe4 4. Nxe4 Bf5 5. Ng3 Bg6 6. h4 h6 7. Nf3 Nd7 8. h5 Bh7 9. Bd3 Bxd3 10. Qxd3 e6
11. Bf4 Qa5+ 12. Bd2 Bb4 13. Ne4 Ngf6 14. Nd6+ Ke7 15. Nxb7 Bxd2+ 16. Nxd2 Qb4 17. Qb3 Qxd4 18. O-O-O Rhb8 19. Qa3+ c5 20. Na5 Rc8
21. Ndc4 Qf4+ 22. Kb1 Qxf2 23. Rd2 Qf4 24. Qd3 Qe4 25. Qd6+ Ke8 26. Qxd7+ Nxd7 27. Nd6+ Ke7 28. Nxe4 Nb6 29. Nd6 Rc7 30. Rf1 f6
31. Rf3 Nd5 32. Nf5+ exf5 33. Rxd5 Ke6 34. Rdxf5 Rd8 35. b3 Rd1+ 36. Kb2 Rcd7 37. Rxc5 R1d2 38. Rg3 Kf7 39. Nc4 Re2 40. Ne3 Re7
41. Nf5 R7e4 42. Rxg7+ Ke6 43. Re7#
1-0

[Event "September"]
[Site "SchemingMind.com"]
[Date "2011.09.29"]
[Round "-"]
[White "NYNH"]
[Black "dvaldez"]
[Result "1-0"]
[WhiteCountry "USA"]
[BlackCountry "CAN"]
[WhiteElo "2073"]
[WhiteRD "64"]
[BlackElo "1976"]
[BlackRD "85"]
[GameID "294246"]

1. c4 Nf6 2. Nc3 e6 3. g3 d5 4. d4 Bb4 5. Bg2 O-O 6. Nf3 dxc4 7. O-O Nc6 8. a3 Be7 9. e4 Na5 10. Be3 Nb3
11. Rb1 c5 12. dxc5 Bxc5 13. Bxc5 Nxc5 14. Qxd8 Rxd8 15. Ne5 Bd7 16. Nxc4 Nb3 17. Rfd1 Bc6 18. e5 Bxg2 19. Kxg2 Nd5 20. Nxd5 Rxd5
21. Rxd5 exd5 22. Nd6 a5 23. a4 b6 24. Rd1 Nc5 25. Rxd5 Nxa4 26. Rb5
1-0

[Event "September"]
[Site "SchemingMind.com"]
[Date "2011.09.30"]
[Round "-"]
[White "NYNH"]
[Black "e_castle3"]
[Result "1-0"]
[WhiteCountry "USA"]
[BlackCountry "PHI"]
[WhiteElo "2092"]
[WhiteRD "73"]
[BlackElo "1877"]
[BlackRD "52"]
[GameID "294247"]

1. c4 c5 2. Nc3 Nf6 3. g3 g6 4. Bg2 Bg7 5. Nf3 O-O 6. O-O Nc6 7. d4 cxd4 8. Nxd4 Nxd4 9. Qxd4 a6 10. c5 d6
11. cxd6 Qxd6 12. Qxd6 exd6 13. Rd1 Rd8 14. Bg5 h6 15. Bf4 Ne8 16. Na4 Rb8 17. Nb6 Bg4 18. Rd2 g5 19. Be3 Nc7 20. Rc1 Ne6
21. Nd5 Rd7 22. Ba7 Rbd8 23. Nb6 Re7 24. Nc8 Rc7 25. Rxc7 Nxc7 26. Ne7+ Kf8 27. Nd5 Nxd5 28. Bxd5 Rd7 29. Rc2 Ke7 30. b3 Be6
31. Bg2 d5 32. Bc5+ Kd8 33. Bb6+ Ke7 34. Kf1 Be5 35. Ke1 Bf5 36. Rc1 Ke6 37. Kd2 Rd6 38. Bc7 Rc6 39. Rxc6+ bxc6 40. Bxe5 Kxe5
41. b4 Kd4 42. Bf1 Bc8 43. e3+ Ke4 44. Bg2+ Ke5 45. Kc3 f6 46. Kb3 Bb7 47. Ka4 d4 48. exd4+ Kxd4 49. Ka5 Kc3 50. a4 Kc4
51. Kb6 Bc8 52. Bxc6 Kxb4 53. a5 f5 54. Bf3 Ka4 55. Be2
1-0

[Event "September"]
[Site "SchemingMind.com"]
[Date "2011.09.29"]
[Round "-"]
[White "NYNH"]
[Black "GBEDARD"]
[Result "0-1"]
[WhiteCountry "USA"]
[BlackCountry "USA"]
[WhiteElo "2034"]
[WhiteRD "67"]
[BlackElo "2318"]
[BlackRD "82"]
[GameID "294248"]

1. d4 Nf6 2. c4 c5 3. d5 e6 4. Nc3 exd5 5. cxd5 d6 6. e4 g6 7. h3 Bg7 8. Nf3 O-O 9. Bd3 a6 10. a4 Nbd7
11. O-O Re8 12. Re1 Qe7 13. Bf4 Nh5 14. Bh2 Ne5 15. Be2 Nxf3+ 16. Bxf3 Qg5 17. Bxh5 gxh5 18. Re3 Qh6 19. Qf3 h4 20. Qf4 Rd8
21. a5 Qxf4 22. Bxf4 Bd4 23. Re2 Bd7 24. Bg5 Re8 25. Bxh4 b5 26. axb6 Reb8 27. Na4 Bb5 28. Rd2 Bxa4 29. Rxa4 Rxb6 30. Bg3 Re8
31. Kh2 Rxe4 32. b3 h5 33. h4 Rxb3 34. Rxa6 Be5 35. Kh3 Rg4 36. Rda2 c4 37. R6a3 Bxg3 38. Rxb3 cxb3 39. Ra8+ Kg7 40. fxg3 Rb4
41. Ra1 b2 42. Rb1 Rb3 43. Kh2 f5 44. Kg1 Kf6 45. Kf2 Ke5 46. Ke2 Kxd5 47. Kd2 Kc4 48. Kc2 d5 49. Rf1 b1=Q+ 50. Rxb1 Rxb1
51. Kxb1 Kd3 52. Kc1 Ke2
0-1

[Event "September"]
[Site "SchemingMind.com"]
[Date "2011.10.01"]
[Round "-"]
[White "NYNH"]
[Black "emvarela"]
[Result "1-0"]
[WhiteCountry "USA"]
[BlackCountry "ARG"]
[WhiteElo "2073"]
[WhiteRD "64"]
[BlackElo "1787"]
[BlackRD "47"]
[GameID "294249"]

1. c4 Nf6 2. Nc3 e6 3. g3 d5 4. d4 Bb4 5. Bg2 O-O 6. Nf3 dxc4 7. O-O Nc6 8. a3 Bxc3 9. bxc3 h6 10. Qa4 Bd7
11. Qxc4 Na5 12. Qd3 a6 13. Rb1 Bc6 14. Ne5 Bxg2 15. Kxg2 Qd5+ 16. Kg1 Nd7 17. Nf3 c5 18. e4 Qh5 19. Kg2 c4 20. Qc2 b5
21. a4 Nb3 22. axb5 axb5 23. Nd2 Nxd2 24. Bxd2 f5 25. Rxb5 Rab8 26. Rfb1 fxe4 27. Rxh5
1-0

[Event "September"]
[Site "SchemingMind.com"]
[Date "2011.10.04"]
[Round "-"]
[White "NYNH"]
[Black "Yellow"]
[Result "1/2-1/2"]
[WhiteCountry "USA"]
[BlackCountry "INT"]
[WhiteElo "2092"]
[WhiteRD "73"]
[BlackElo "2329"]
[BlackRD "66"]
[GameID "294250"]

1. d4 d5 2. c4 c6 3. cxd5 cxd5 4. Nc3 Nf6 5. Nf3 Nc6 6. Bf4 a6 7. Rc1 Ne4 8. Ne5 Nxc3 9. Rxc3 Bd7 10. e3 e6
11. a3 Rc8 12. Nxc6 Rxc6 13. Rxc6 Bxc6 14. Bd3 Bd6 15. Bg3 O-O 16. O-O Bxg3 17. hxg3 Qd7 18. Qc2 h6 19. Rc1 Ra8 20. Qc5=
1/2-1/2

[Event "September"]
[Site "SchemingMind.com"]
[Date "2011.10.01"]
[Round "-"]
[White "NYNH"]
[Black "otsenrechess"]
[Result "1-0"]
[WhiteCountry "USA"]
[BlackCountry "HUN"]
[WhiteElo "2073"]
[WhiteRD "64"]
[BlackElo "2136"]
[BlackRD "49"]
[GameID "294251"]

1. d4 Nf6 2. c4 g6 3. Nc3 d5 4. cxd5 Nxd5 5. e4 Nxc3 6. bxc3 Bg7 7. Bc4 c5 8. Ne2 O-O 9. O-O Nc6 10. Be3 Bg4
11. f3 Na5 12. Bd3 cxd4 13. cxd4 Be6 14. d5 Bxa1 15. Qxa1 f6 16. Bh6 Re8 17. Kh1 Rc8 18. Nf4 Bd7 19. e5 Nc4 20. e6 Ba4
21. Nxg6 hxg6 22. Bxg6 Ne5 23. Be4 Bc2 24. Bxc2 Rxc2 25. Qd1 Kh7 26. f4
1-0

[Event "September"]
[Site "SchemingMind.com"]
[Date "2011.09.29"]
[Round "-"]
[White "NYNH"]
[Black "kenneth m day"]
[Result "1-0"]
[WhiteCountry "USA"]
[BlackCountry "USA"]
[WhiteElo "2034"]
[WhiteRD "67"]
[BlackElo "1897"]
[BlackRD "56"]
[GameID "294252"]

1. d4 c6 2. c4 d5 3. cxd5 cxd5 4. Nc3 Nf6 5. Nf3 Nc6 6. Bf4 Nh5 7. Bc1 Nf6 8. Bf4 Nh5 9. Bd2 e6 10. e4 dxe4
11. Nxe4 Be7 12. Bd3 Nf6 13. O-O O-O 14. Bc3 Nd5 15. Ne5 Nf4 16. Nxc6 bxc6 17. Bc2 Ba6 18. Re1 Qd5 19. Qf3 Ng6 20. Rac1 Nh4
21. Qh3 Nf5 22. Ng3 Nxd4 23. Qxh7#
1-0

[Event "September"]
[Site "SchemingMind.com"]
[Date "2011.09.29"]
[Round "-"]
[White "NYNH"]
[Black "hdj42"]
[Result "1-0"]
[WhiteCountry "USA"]
[BlackCountry "ENG"]
[WhiteElo "2073"]
[WhiteRD "64"]
[BlackElo "1842"]
[BlackRD "109"]
[GameID "294253"]

1. c4 e6 2. g3 Nf6 3. Nf3 d5 4. d4 Be7 5. Bg2 O-O 6. O-O Nbd7 7. Qc2 c6 8. Nbd2 dxc4 9. Nxc4 Nb6 10. Nce5 Nbd7
11. Nd3 Nd5 12. a3 Bf6 13. e4 Nc7 14. Bf4 Re8 15. Rad1 Nb6 16. Rfe1 Nb5 17. Nde5 Bxe5 18. dxe5 Qc7 19. a4 Na3 20. bxa3 Nd7
21. Rd6 h6 22. h4 Nf8 23. h5 g5 24. hxg6 Nxg6 25. Bxh6 Nxe5 26. Red1 Ng4 27. Bc1 Nf6 28. Bb2 Nd5 29. Qc5 Nb6 30. Qg5+ Kf8
31. Qg7+
1-0

[Event "September"]
[Site "SchemingMind.com"]
[Date "2011.09.30"]
[Round "-"]
[White "dvaldez"]
[Black "NYNH"]
[Result "0-1"]
[WhiteCountry "CAN"]
[BlackCountry "USA"]
[WhiteElo "1976"]
[WhiteRD "85"]
[BlackElo "2073"]
[BlackRD "64"]
[GameID "294254"]

1. e4 c5 2. Nf3 a6 3. Nc3 e6 4. d4 cxd4 5. Nxd4 Qc7 6. Bd3 Nf6 7. O-O Bc5 8. Nb3 Be7 9. Be3 b5 10. f4 d6
11. e5 Nfd7 12. Be4 Nc6 13. Qf3 Bb7 14. exd6 Bxd6 15. Rad1 O-O 16. Kh1 Nf6 17. Nc5 Nxe4 18. N3xe4 Bxc5 19. Nxc5 Rad8 20. Nxb7 Qxb7
21. Qf2 Ne7 22. Bb6 Rxd1 23. Rxd1 Nd5 24. Bc5 Rc8 25. c3 h6 26. Bd4 Ne7 27. Be5 Ng6
0-1